The geography of the Jackson purchase. (Record no. 26258)

MARC details
000 -LEADER
fixed length control field 01054cam a22002531 4500
001 - CONTROL NUMBER
control field gs 23000221
003 - CONTROL NUMBER IDENTIFIER
control field DLC
005 - DATE AND TIME OF LATEST TRANSACTION
control field 20260227111327.0
008 - FIXED-LENGTH DATA ELEMENTS--GENERAL INFORMATION
fixed length control field 790802s1923 kyua b 000 0 eng
010 ## - LIBRARY OF CONGRESS CONTROL NUMBER
LC control number gs 23000221
035 ## - SYSTEM CONTROL NUMBER
System control number (OCoLC)5232803
040 ## - CATALOGING SOURCE
Original cataloging agency DLC
Transcribing agency TxCM
Modifying agency OCoLC
-- DLC
042 ## - AUTHENTICATION CODE
Authentication code premarc
050 00 - LIBRARY OF CONGRESS CALL NUMBER
Classification number F451
Item number .D24
100 1# - MAIN ENTRY--PERSONAL NAME
Personal name Davis, Darrell Haug,
Dates associated with a name 1879-
245 14 - TITLE STATEMENT
Title The geography of the Jackson purchase.
Remainder of title A study of the distribution and activities of man in the gulf embayment area of western Kentucky,
Statement of responsibility, etc. by Darrel Haug Davis. Illustrated by 100 photographs, maps and diagrams.
260 ## - PUBLICATION, DISTRIBUTION, ETC.
Place of publication, distribution, etc. Frankfort, Ky.,
Name of publisher, distributor, etc. The Kentucky Geological survey,
Date of publication, distribution, etc. 1923.
300 ## - PHYSICAL DESCRIPTION
Extent 10 p., 2 l., 185 p.
Other physical details front., illus., tables, diagrs.
Dimensions 24 cm.
410 10 - SERIES STATEMENT/ADDED ENTRY--CORPORATE NAME [OBSOLETE, CAN/MARC], [LOCAL, USA]
Corporate name or jurisdiction name as entry element Kentucky.
Subordinate unit Geological survey, 1920-
Title of a work Series VI [Geologic reports]
Volume number/sequential designation v. 9
504 ## - BIBLIOGRAPHY, ETC. NOTE
Bibliography, etc. note Bibliographies interspersed.
500 ## - GENERAL NOTE
General note Published also as thesis (Ph. D.) University of Michigan, 1923.
650 #0 - SUBJECT ADDED ENTRY--TOPICAL TERM
Topical term or geographic name entry element Physical geography
Geographic subdivision Kentucky.
651 #0 - SUBJECT ADDED ENTRY--GEOGRAPHIC NAME
Geographic name Kentucky
General subdivision Economic conditions.

No items available.

Powered by Koha